000 00698nam a22002297a 4500
005 20130511164109.0
008 130511b xxu||||| |||| 00| 0 eng d
010 _aB-519447
020 _c185.00
_a8178121700
035 _aB-519447
037 _bUBH
040 _adpl
_beng
082 _a485
100 _aGupta, Anjani A.
245 _aEnglish Grammar/
_cAnjani A. Gupta
250 _a28th ed.
260 _aNew Delhi
_bRamesh Publishing House
_c2012
270 _a12-H, New Dariya Ganj Rd.
_bDelhi
_e110002
300 _a536p
_c22cm
942 _2ddc
_cHN
_h485
_mGUP
999 _c75452
_d75452